000 00672nas a2200229 4500
001 BR8801672
003 BR-BrBNA
005 20231205091057.0
007 ta
008 230509b bl.|||p| |||| 00| 00por d
040 _aBR-BrBNA
_bpor
_cBiblioteca Nacional de Agricultura
041 _a(Pt)
072 _aH20
100 1 _aWinandy, A.L.P.
245 1 _aChave para identificacao das principais molestias da cultura da batata
650 _aBATATA
650 _aSINTOMA
650 _aDOENCA DE PLANTA
773 0 _tIPAGRO Informa (Brazil)
_xISSN 0100-3410
_g(May 1987), no. 29 p. 79-85
_wBR8801672
909 _a202311
_bLúcia
_c55
_dLúcia Elande
942 _2AGRIS
_n0
_cANA
999 _c122607
_d122607